000
00269nam a2200121Ia 4500
005
20251222155037.0
008
251222s9999||||xx |||||||||||||| ||spa||
082
_a
LEN.88
245
0
_a
25 cuentos peruanos
250
_a
1ra. ed.
264
_b
El comercio
942
_c
LIB
999
_c
36791
_d
36791